000 00766cam a22002531 4500
001 sa 68002576
003 DLC
005 20260227112444.0
008 910917s1965 ce ach b 000 0 sino
010 _asa 68002576
035 _a(OCoLC)24398438
040 _aDLC
_cWaU
_dDLC
041 0 _asnheng
042 _apremarc
050 0 0 _aPK1009.B8
_bS7
245 0 0 _aŚrī Buddhadatta.
260 _c[1965]
300 _a364, xxii (i.e. xxiii) p.
_billus., facsims., ports.
_c19 cm.
500 _aEnglish and Sinhalese.
504 _aBibliographical footnotes.
600 1 0 _aBuddhadatta, A. P.
_q(Ambalaṅgoḍa Polvattē),
_d1887-1962.
700 1 _aBuddhadatta, A. P.
_q(Ambalaṅgoḍa Polvattē),
_d1887-1962.
700 2 _aSiri Seevali, Bambarande,
_cThera.
999 _c78837
_d78837